|
|
|
|
| LEADER |
01169nam a2200289 a 4500 |
| 001 |
12454625 |
| 008 |
120109s2002 ii a b 001 0 eng d |
| 010 |
|
|
|a 2001036446
|
| 020 |
|
|
|a 8178085496
|
| 020 |
|
|
|a 0130925691
|
| 040 |
|
|
|a DLC
|c DLC
|d DLC
|d BD-DhAAL
|
| 042 |
|
|
|a pcc
|
| 082 |
0 |
0 |
|a 005.1/17
|2 21
|
| 100 |
1 |
|
|a Larman, Craig.
|
| 245 |
1 |
0 |
|a Applying UML and patterns :
|b an introduction to object-oriented analysis and design and the unified process /
|c Craig Larman ; [foreword by Phillipe Kruchten].
|
| 250 |
|
|
|a 2nd ed.
|
| 260 |
|
|
|a New Delhi :
|b Pearson Education,inc. ;
|a Upper Saddle River, NJ :
|b Prentice Hall PTR,
|c c2002.[reprinted]
|
| 300 |
|
|
|a xxi, 627 p. :
|b ill. ;
|c 26 cm.
|
| 504 |
|
|
|a Includes bibliographical references (p. 609-613) and index.
|
| 541 |
1 |
|
|e 00008587
|
| 650 |
|
0 |
|a Object-oriented methods (Computer science)
|
| 650 |
|
0 |
|a UML (Computer science)
|
| 650 |
|
0 |
|a System analysis.
|
| 650 |
|
0 |
|a System design.
|
| 852 |
1 |
|
|a Ayesha Abed library
|c General Shelf
|
| 999 |
|
|
|c 11732
|d 11732
|
| 952 |
|
|
|0 0
|1 0
|2 ddc
|4 1
|6 005_100000000000000_17_LAR
|7 0
|9 19086
|a BRACUL
|b BRACUL
|c SPS
|d 2012-01-09
|l 0
|o 005.117 LAR
|p 3010008587
|r 2012-01-09
|t 1
|w 2012-01-09
|y BK
|